|
|
|
|
| LEADER |
00756nam a2200265Ia 4500 |
| 008 |
240830s9999 xx 000 0 und d |
| 040 |
|
|
|a B-ESTELÍ- RUACS / 515.3 G765
|
| 041 |
|
|
|a spa
|
| 082 |
|
|
|a 515.3 G765
|
| 100 |
1 |
|
|a Granville, William Antóny
|
| 100 |
1 |
|
|b Smith, Percey F.
|
| 100 |
1 |
|
|c Longley, William Raymond
|
| 245 |
1 |
0 |
|a Cálculo diferencial e integral
|
| 260 |
|
|
|a México
|b Hispano-Americana
|c 1963
|
| 300 |
|
|
|a 686p:il
|
| 650 |
7 |
|
|a CALCULO DIFERENCIAL
|
| 650 |
7 |
|
|b VARIABLES, FUNCIONES Y LIMITES
|
| 650 |
7 |
|
|c APLICACIONES DE LA DERIVADA
|
| 650 |
7 |
|
|d DIFERENCIALES
|
| 650 |
7 |
|
|e CALCULO INTEGRAL
|
| 650 |
7 |
|
|f CONSTANTE DE INTEGRACION
|
| 650 |
7 |
|
|g INTEGRAL DEFINIDA.
|
| 942 |
|
|
|c BK
|2 ddc
|
| 991 |
|
|
|a TEXTO
|
| 999 |
|
|
|c 10948
|